North Dakota University System - Statistics

General Stats
  • This quiz has been taken 48 times
  • The average score is 8 of 11
Answer Stats
Answer % Correct
University of North Dakota
100%
North Dakota State University
97%
Minot State University
84%
Valley City State University
81%
Bismarck State College
78%
Dickinson State University
78%
Mayville State University
72%
Williston State College
72%
North Dakota State College of Science
66%
Lake Region State College
41%
Dakota College at Bottineau
38%
No matching quizzes found
Score Distribution
Percent of People with Each Score
Percentile by Number Answered
Your Score History
You have not taken this quiz